| 000 | 01450nam a2200421 i 4500 | ||
|---|---|---|---|
| 001 | 5183 | ||
| 003 | KOSZ 005 | ||
| 005 | 20220609091013.0 | ||
| 008 | 000320s1980 pl a f f |001 0 pol d | ||
| 015 | _aPB 1980/3505 | ||
| 020 | _a8320401593 | ||
| 040 |
_aWA N _cWA N _dKOSZ 005/HR |
||
| 041 | 0 | _apol | |
| 080 | _a621.31 | ||
| 080 | _a(075.8) | ||
| 100 | 1 |
_aMarkiewicz, Henryk _d(1933- ) _eAutor |
|
| 245 | 1 | 0 |
_aUrządzenia elektroenergetyczne / _cHenryk Markiewicz, Konstanty Wołkowiński. |
| 250 | _aWyd. 3 zm. i uzup. | ||
| 260 |
_aWarszawa : _bWydaw-a Naukowo-Techniczne, _c1980. |
||
| 300 |
_a535, [1] s. : _bil., tab., wykr. ; _c24 cm. |
||
| 336 |
_2rdacontent _aTekst _btxt |
||
| 337 |
_2rdamedia _aBez urządzenia pośredniczącego _bn |
||
| 338 |
_2rdacarrier _aWolumin _bnc |
||
| 380 | _aKsiążki | ||
| 380 | _aPublikacje dydaktyczne | ||
| 385 |
_mPoziom nauczania _aSzkoły wyższe |
||
| 388 | _a1901-2000 | ||
| 490 | 1 | _aPodręczniki Akademickie. Elektrotechnika. | |
| 504 | _aBibliogr. s. 528-530. - Indeks. | ||
| 655 | 4 | _aPodręczniki akademickie | |
| 658 | _aInżynieria i technika | ||
| 650 | 4 | _aElektroenergetyka | |
| 650 | 4 | _aUrządzenia | |
| 700 | 1 |
_aWołkowiński, Konstanty _eAutor |
|
| 856 |
_uhttp://koha.tu.koszalin.pl/cgi-bin/koha/opac-detail.pl?biblionumber=5183 _yKatalog online BPK |
||
| 830 | 0 |
_aPodręczniki Akademickie. _pElektrotechnika |
|
| 942 |
_2UKD _cKS |
||
| 999 |
_c5183 _d5183 |
||